|
|
|
|
| LEADER |
00000nam0a2200000 4500 |
| 001 |
266424 |
| 005 |
20231031223518.0 |
| 020 |
|
|
|a RU
|b 86-51152
|
| 035 |
|
|
|a (RuTPU)RU\TPU\book\289444
|
| 090 |
|
|
|a 266424
|
| 100 |
|
|
|a 20140708d1986 m a0rusy5003 ca
|
| 101 |
0 |
|
|a rus
|
| 102 |
|
|
|a RU
|
| 105 |
|
|
|a y z 001zy
|
| 200 |
1 |
|
|a Социальное обслуживание инвалидов
|f Я. М. Фогель
|
| 205 |
|
|
|a 2-е изд., перераб. и доп.
|
| 210 |
|
|
|a Москва
|c Юридическая литература
|d 1986
|
| 215 |
|
|
|a 173 с.
|
| 320 |
|
|
|a Библиогр. в примеч.: с. 168-174.
|
| 606 |
1 |
|
|a Социальная работа
|2 stltpush
|3 (RuTPU)RU\TPU\subj\36954
|
| 610 |
1 |
|
|a инвалиды
|
| 610 |
1 |
|
|a пнсионеры
|
| 610 |
1 |
|
|a социальное обеспечение
|
| 686 |
|
|
|a У9(2)272
|2 rubbk
|
| 700 |
|
1 |
|a Фогель
|b Я. М.
|g Яков Михайлович
|
| 801 |
|
0 |
|a RU
|b RuMRKP
|c 19950704
|g psbo
|
| 801 |
|
1 |
|a RU
|b 63413507
|c 20140708
|
| 801 |
|
2 |
|a RU
|b 63413507
|c 20150617
|g RCR
|
| 942 |
|
|
|c BK
|